Kvalita pôdy. STN 46 5112. ISO 11263 : Stanovenie fosforu. Spektrometrické stanovenie fosforu rozpustného v roztoku hydrogénuhličitanu sodného. Marec 2001

Salvato in:
Dettagli Bibliografici
Natura: Libro
Lingua:slovacco
Pubblicazione: Bratislava : Slovenský ústav technickej normalizácie, 2001
Soggetti:
Tags: Aggiungi Tag
Nessun Tag, puoi essere il primo ad aggiungerne!!

MARC

LEADER 00000nam a22000003a 4500
001 stu196084
005 20150408163740.7
008 091119s2001----xo------------------slo-d
040 |a STU  |b slo 
041 0 |a slo 
044 |a xo 
245 |a Kvalita pôdy. STN 46 5112. ISO 11263 :  |b Stanovenie fosforu. Spektrometrické stanovenie fosforu rozpustného v roztoku hydrogénuhličitanu sodného. Marec 2001 
260 |a Bratislava :  |b Slovenský ústav technickej normalizácie,  |c 2001 
300 |a 12 s 
650 7 |a kvalita pôdy  |2 stusub 
996 |b 284M071662  |c M*N-1357  |l MMKN  |s A  |a 24  |w stu196084_0001